| 000 | 00000nas##2200000za#4500 |
| 001 | 9.513215 |
| 003 | CaOODSP |
| 005 | 20200325130746 |
| 007 | ta |
| 008 | 150406c1993||||xxc|| m #||||f| |0fre|d |
| 022 | |a0825-3668 |
| 040 | |aCaOODSP|bfre |
| 043 | |an-cn--- |
| 086 | 1 |aR61-2/8F |
| 110 | 1 |aCanada.|bPatrimoine canadien. |bParcs Canada. |
| 245 | 10|aPublication hors série / |cPublié par la Direction générale des parcs nationaux. |
| 260 | |aOttawa - Ontario : |bPatrimoine canadien. |
| 500 | |a«Les publications hors série ont pour objet de traiter de questions relatives à la gestion des parcs. Elles s'adressent à tout le personnel du Service canadien des parcs qui prend part à l'élaboration ou à la mise en oeuvre des politiques et des plans relatifs aux parcs nationaux.»--Avant-propos. |
| 520 | 3 |aLes publications hors série ont pour objet de traiter de questions relatives à la gestion des parcs. Elles s'adressent à tout le personnel du Service canadien des parcs qui prend part à l'élaboration ou à la mise en oeuvre des politiques et des plans relatifs aux parcs nationaux.--Avant-propos |
| 563 | |aCouverture souple |
| 775 | 08|tOccasional paper / |w(CaOODSP)9.514871 |
| 776 | 0#|tPublication hors série |w(CaOODSP)9.503504 |